A Kékszakállú illusztrációi
Elmentve itt :
| Dokumentumtípus: | Cikk |
|---|---|
| Megjelent: |
1981-03-18
|
| Sorozat: | Délmagyarország
71 No. 65 |
| Kulcsszavak: | Kass János |
| Online Access: | http://dmarchiv.bibl.u-szeged.hu/95466 |
| LEADER | 00398nab a2200145 i 4500 | ||
|---|---|---|---|
| 001 | delm95466 | ||
| 005 | 20190619125355.0 | ||
| 008 | 190619s1981 hu o 0|| hun d | ||
| 040 | |a SZTE Délmagyarország Archívum |b hun | ||
| 041 | |a hun | ||
| 245 | 0 | 2 | |a A Kékszakállú illusztrációi |h [elektronikus dokumentum] |
| 260 | |c 1981-03-18 | ||
| 300 | |a 5 | ||
| 490 | 0 | |a Délmagyarország |v 71 No. 65 | |
| 695 | |a Kass János | ||